书目信息 |
| 题名: |
山洪灾害调查评价技术与实践
|
|
| 作者: | 王俊 编著 | |
| 分册: | ||
| 出版信息: | 北京 中国水利水电出版社 2017 |
|
| 页数: | 240页 | |
| 开本: | 27cm | |
| 丛书名: | ||
| 单 册: | ||
| 中图分类: | P333.2 | |
| 科图分类: | ||
| 主题词: | 山洪--shan hong--水文分析 | |
| 电子资源: | ||
| ISBN: | 978-7-5170-6077-2 | |
| 000 | 01062nam0 2200265 450 | |
| 001 | 012001003378 | |
| 005 | 20140130132904.0 | |
| 010 | @a978-7-5170-6077-2@dCNY108.00 | |
| 099 | @aCAL 012018048711 | |
| 100 | @a20180502d2017 em y0chiy50 ea | |
| 101 | 0 | @achi |
| 102 | @aCN@b110000 | |
| 105 | @aak a 000yy | |
| 106 | @ar | |
| 200 | 1 | @a山洪灾害调查评价技术与实践@Ashan hong zai hai diao cha ping jia ji shu yu shi jian@f王俊 ... [等] 编著 |
| 210 | @a北京@c中国水利水电出版社@d2017 | |
| 215 | @a240页@c彩图@d27cm | |
| 304 | @a题名页题: 王俊 徐剑秋 毛北平 郭海晋 徐德龙 毕宏伟编著 | |
| 320 | @a有书目 (第238-240页) | |
| 330 | @a本书以大量山洪灾害调查与分析评价实践为基础,提炼总结山洪灾害调查与分析评价的技术,包括山洪灾害调查、山洪灾害测量、山丘区小流域暴雨洪水计算、防洪现状评价、预警指标计算等方面,并研究了流域降雨时空分布及产生流模式对山洪灾害临界雨量计算和预警的影响。 | |
| 606 | 0 | @a山洪@Ashan hong@x水文分析 |
| 690 | @aP333.2@v5 | |
| 701 | 0 | @a王俊@Awang jun@4编著 |
| 801 | 2 | @aCN@b北京卓展@c20191020 |
| 905 | @b1211421-2@dP333.2@e158@f2 | |
| 山洪灾害调查评价技术与实践/王俊 ... [等] 编著.-北京:中国水利水电出版社,2017 |
| 240页:彩图;27cm |
| ISBN 978-7-5170-6077-2:CNY108.00 |
| 本书以大量山洪灾害调查与分析评价实践为基础,提炼总结山洪灾害调查与分析评价的技术,包括山洪灾害调查、山洪灾害测量、山丘区小流域暴雨洪水计算、防洪现状评价、预警指标计算等方面,并研究了流域降雨时空分布及产生流模式对山洪灾害临界雨量计算和预警的影响。 |
| ● |
| 相关链接 |
|
|
|
|
正题名:山洪灾害调查评价技术与实践
索取号:P333.2/158
 
预约/预借
| 序号 | 登录号 | 条形码 | 馆藏地/架位号 | 状态 | 备注 |
| 1 | 1211421 | 212114219 | 第二样本阅览室/ [索取号:P333.2/158] | 在馆 | |
| 2 | 1211422 | 212114228 | 第三借阅区/ [索取号:P333.2/158] | 在馆 |